000 00726nam a2200253 a 4500
005 20210219153454.0
008 991125n 000 0 u
035 _aUPN01000101760
100 _aSahai, Hardeo
222 _aSCHOOL SCIENCE AND MATHEMATICS
245 _aTeaching elementary probability and statistics : some applications in epidemiology
300 _a145-149
362 _a92, No. 3, 1992
505 _aSeptiembre 1992
653 0 _aACTIVIDADES INTEGRALES
653 0 _aENSE\197ANZA MATEMATICA
653 0 _aEPIDEMIOLOGIA
653 0 _aESTADISTICAS
653 0 _aMETODOS DE ENSE\197ANZA
653 0 _aPROBABILIDAD
700 _aReesal, Michael R.
904 _aAC
_b039571
905 _aArticulo
999 _c77783
_d77783